Tennessee Football: Top 10 All-Time Leaders - Statistics

General Stats
  • This quiz has been taken 22 times
  • The average score is 13 of 60
Answer Stats
Category # Player Amount % Correct
Passing Yards 1 Peyton Manning 11,201
100%
Passing Yards 8 Hendon Hooker 6,080
72%
Sacks 2 Reggie White 32.0
72%
Rushing Yards 9 Dylan Sampson 2,492
61%
Interceptions T5 Eric Berry 14
56%
Passing Yards 5 Joshua Dobbs 7,138
50%
Sacks 9 Steve White 20.0
50%
Tackles 2 A.J. Johnson 425
39%
Receiving Yards 6 Cedrick Wilson Sr. 2,137
39%
Sacks T7 James Wilson 20.5
39%
Receiving Yards 4 Jauan Jennings 2,153
39%
Passing Yards 10 Tee Martin 4,592
33%
Sacks 1 Derek Barnett 33.0
28%
Rushing Yards 5 Jamal Lewis 2,677
28%
Receiving Yards 3 Peerless Price 2,298
28%
Rushing Yards 2 Arian Foster 2,964
22%
Passing Yards 2 Casey Clausen 9,707
22%
Tackles T9 Dale Jones 350
22%
Tackles 5 Greg Jones 377
22%
Receiving Yards 1 Joey Kent 2,814
22%
Rushing Yards 4 Johnnie Jones 2,852
22%
Sacks 3 Leonard Little 28.0
22%
Interceptions 2 Mike Jones 16
22%
Tackles T9 Rico McCoy 350
22%
Rushing Yards 1 Travis Henry 3,078
22%
Passing Yards 4 Tyler Bray 7,444
22%
Passing Yards 6 Andy Kelly 6,397
17%
Interceptions T7 Bobby Majors 13
17%
Interceptions T7 Charles Davis 13
17%
Interceptions T5 Deon Grant 14
17%
Passing Yards 3 Erik Ainge 8,700
17%
Rushing Yards 6 Jalen Hurd 2,638
17%
Passing Yards 7 Jarrett Guarantano 6,174
17%
Sacks T7 John Henderson 20.5
17%
Sacks 4 Jonathan Brown 25.0
17%
Sacks 5 Todd Kelly 22.5
17%
Interceptions T3 Bill Young 15
11%
Receiving Yards 10 Carl Pickens 1,875
11%
Rushing Yards 3 James Stewart 2,890
11%
Passing Yards 9 Jeff Francis 5,867
11%
Receiving Yards 5 Robert Meachem 2,140
11%
Tackles 1 Andy Spiva 547
6%
Rushing Yards 7 Cedric Houston 2,634
6%
Interceptions T3 Conrad Graham 15
6%
Tackles 6 Craig Puki 358
6%
Receiving Yards 8 Denarius Moore 2,004
6%
Interceptions T7 DeRon Jenkins 13
6%
Interceptions T10 Dwayne Goodrich 12
6%
Tackles 4 Earnest Fields 407
6%
Tackles 3 Jamie Rotella 413
6%
Rushing Yards 8 Jay Graham 2,609
6%
Tackles 7 Jim Noonan 355
6%
Tackles 8 Kelly Ziegler 353
6%
Receiving Yards 9 Larry Seivers 1,924
6%
Receiving Yards 2 Marcus Nash 2,447
6%
Rushing Yards 10 Montario Hardesty 2,391
6%
Sacks 6 Parys Haralson 21.0
6%
Interceptions T10 Terry Fair 12
6%
Receiving Yards 7 Tim McGee 2,042
6%
Interceptions 1 Tim Priest 18
6%
No matching quizzes found
Score Distribution
Percent of People with Each Score
Percentile by Number Answered
Your Score History
You have not taken this quiz